000 00590nam a2200205Ia 4500
003 GCL
008 140319s9999 xx 000 0 ara d
040 _aGCL /
_cGCL
082 0 4 _a591
_bك ا
100 1 _aكامل منصور
245 1 0 _aانواع الحيوان وتطورها /
_cكامل منصور
700 1 _aكين, ا. ج
700 1 _aعلى على المرسى
300 _a277 ص
490 _aالالف كتاب
_v0
650 0 4 _aالتاريخ الطبيعى
650 0 4 _aالحيوان، علم
650 0 4 _aالحيوانات - تربية
942 _2ddc
_cBK
999 _c49745
_d49745